Entry Nombre personal
001 - NÚMERO DE CONTROL
- campo de control: 69399
003 - IDENTIFICADOR DE NÚMERO DE CONTROL
- campo de control: SpMaBN
005 - FECHA Y HORA DE LA ÚLTIMA TRANSACCIÓN
- campo de control: 20250729025717.0
008 - ELEMENTOS DE DATO DE LONGITUD-FIJA
- campo de control de longitud fija: 900725nn ainnnaabn n aac
016 ## - NÚMERO DE CONTROL DE UNA AGENCIA BIBLIOGRÁFICA NACIONAL
- Número de control del registro: BNE19985233845
040 ## - FUENTE DE CATALOGACIÓN
- Centro catalogador/agencia de origen: SpMaBN
- Lengua de catalogación: spa
- Centro/agencia transcriptor: A2
046 ## - FECHAS CON CODIFICACIÓN ESPECIAL
- Fecha de nacimiento: 1832
- Fecha de la muerte: 1892
100 1# - ENCABEZAMIENTO-NOMBRE DE PERSONA
- Nombre de persona: La Pijardière, Louis Lacour de,
- Fechas asociadas al nombre: 1832-1892
400 1# - TRAZADO DE VÉASE--NOMBRE DE PERSONA
- Nombre de persona: Lacour, Louis,
- Fechas asociadas al nombre: 1832-1892
